000
00353nam a2200157Ia 4500
008
210716s2009 xx 000 0 und d
020
_a
9780470432396
041
_a
eng
082
_a
658.4092 BENW
100
_a
Bennies, Warren.
245
_a
Essential bennis.
250
_a
1
260
_a
Jossey Bass
_c
2009
300
_a
xi,465
650
_a
None
999
_c
206381
_d
206381